Órarendkészítés Oracle környezetben

Elmentve itt :
Bibliográfiai részletek
Szerző: Kiss Tamás
További közreműködők: Gombás Éva (Témavezető)
Dokumentumtípus: Szakdolgozat
Megjelent: 2003
Tárgyszavak:
Online Access:http://diploma.bibl.u-szeged.hu/2435
LEADER 00520nta a2200157 i 4500
001 dipl2435
005 20130314071403.0
008 110328s2003 hu om 0|| hun d
040 |a SZTE Diploma Repozitórium  |b hun 
041 |a hun 
100 1 |a Kiss Tamás 
245 1 0 |a Órarendkészítés Oracle környezetben  |h [elektronikus dokumentum] /  |c Tamás Kiss 
260 |c 2003 
650 4 |a Informatika 
700 1 |a Gombás Éva  |e ths 
856 4 0 |u http://diploma.bibl.u-szeged.hu/id/eprint/2435/1/2003_kiss_tamas_03_77.pdf  |z Dokumentum-elérés